000 00712nam a2200241 a 4500
001 BRL_1170
005 20190320211051.0
008 211113s19uu----gt-ao#####---#000-0#eng-#
041 _aeng
044 _agt
050 4 _aF1465.1.T5
_b.J47 1900
100 1 _aJerabek, Carlos
_925997
245 1 0 _aMaya ruins Tikal
_bA Story-Guidebook
_cby Carlos Jerabek ; Drawings by Dale Nichols.
260 _aGuatemala
_bMaya Press
_c[19--]
300 _a[63] p.
_bil., láminas
_c18 cm.
500 _aAu1354
504 _aBibliografía: p. [63]
650 1 4 _aMayas
_vGuías
_xAntigüedades
_924034
651 4 _aTikal (Guatemala)
_vGuías
_925998
700 1 _aNichols, Dale
_eil.
_925999
902 _aGRL
942 _2lcc
_cB
999 _c9982
_d9982